00447nam a2200145Ia 4500008004100000041001200041082001100053100002000064245004000084260000600124650000600130942000700136999001700143952014100160221030s9999 xx 000 0 und d aEnglish a105.23 aP. G. Wodehouse 0aPigs have Wingscby P. G. Wodehouse c0 aB cBK c12719d12719 pB 3746l0o105.23 r2022-10-30 00:00:00w2022-10-30yBK003Print4070aMIETLIBbMIETLIBcBL-, FL-, CUP-0, SH-0, R-0d2012-06-1410HBE